Marine mammal ecology and conservation (Registro nro. 8351)
[ vista simple ]
| 000 -CABECERA | |
|---|---|
| Campo de control | 01108nam a22002777a 4500 |
| 005 - FECHA Y HORA DE LA ULTIMA TRANSACCION | |
| Campo de control | 20140404105510.0 |
| 008 - ELEMENTOS DE LONGITUD FIJA—INFORMACION GENERAL | |
| Campo de control | 140404t2010 enkado gr|||| 00| 0 eng d |
| 020 ## - ISBN | |
| ISBN | 9780199216574 |
| 041 ## - IDIOMA | |
| Código de idioma para texto/pista de sonido o título separado | Inglés |
| 044 ## - PAÍS DE PUBLICACIÓN | |
| País de publicación | Inglaterra |
| 082 ## - NUMERO DE CLASIFICACION DECIMAL DEWEY | |
| Número de clasificación | 599.5 |
| Número del ítem | O98m |
| 110 2# - ASIENTO PRINCIPAL--NOMBRE CORPORATIVO | |
| Nombre corporativo o de jurisdicción como elemento de entrada | Oxford |
| Unidad subordinad | Biología |
| 242 10 - TRADUCCION DEL TITULO POR LA AGENCIA CATALOGADORA | |
| Título | Ecología y conservación de mamíferos marinos |
| Parte restante del título | manual de técnicas |
| Mención de responsabilidad | Oxford; ed. Ian L. Boyd, W. Don Bowen, Sara J. Iverson |
| Código de idioma del título traducido | spa |
| 245 10 - MENCION DE TITULO | |
| Título | Marine mammal ecology and conservation |
| Parte restante del título | a handbook of techniques |
| Mención de responsabilidad | Oxford; ed. Ian L. Boyd, W. Don Bowen, Sara J. Iverson |
| 260 3# - PUBLICACION, DISTRIBUCION, ETC. (PIE DE IMPRENTA) | |
| Lugar de publicación, distribución, etc. | Oxford |
| Nombre del editor, distribuidor, etc. | Oxford University Press |
| Fecha de publicación, distribución, etc. | 2010 |
| 300 ## - DESCRIPCION FISICA | |
| Extensión | xxiv, 450 p. |
| Otros detalles físicos | il., fot., tablas, gráficas |
| Dimensiones | 24 cm |
| 490 ## - MENCION DE SERIE | |
| Mención de serie | Techniques in Ecology and Conservation Series |
| 504 ## - NOTA DE BIBLIOGRAFIA, ETC. | |
| Nota de bibliografía | Incluye bibliografía (páginas 360 - 431) |
| 590 ## - NOTA LOCAL | |
| Nota local | 242 traducción por la agencia catalogadora |
| 650 #0 - ASIENTO SECUNDARIO DE MATERIA - TERMINO TEMATICO | |
| Término temático o nombre geográfico como elemento de entrada | Mamíferos marinos |
| Subdivisión general | Ecología |
| 650 #0 - ASIENTO SECUNDARIO DE MATERIA - TERMINO TEMATICO | |
| Término temático o nombre geográfico como elemento de entrada | Mamíferos marinos |
| Subdivisión general | Conservación |
| 700 1# - ASIENTO SECUNDARIO - NOMBRE PERSONAL | |
| Nombre personal | Boyd, I. L. |
| 700 1# - ASIENTO SECUNDARIO - NOMBRE PERSONAL | |
| Nombre personal | Bowen, W. D. |
| 700 1# - ASIENTO SECUNDARIO - NOMBRE PERSONAL | |
| Nombre personal | Iverson, Sara J. |
| 942 ## - ELEMENTOS ADICIONALES (KOHA) | |
| Sistema de clasificación | Dewey Decimal Classification |
| Tipo de ítem | Impreso |
| Withdrawn status | Lost status | Sistema de Clasificación | Damaged status | No para préstamo | Colección | Inventariado | Ubicación Permanente | Ubicación actual | Fecha de adquisición | Fuente de Valor | Valor | Total Checkouts | Número topográfico | Inventario / Código de Barras | Date last seen | Ejemplar | Price effective from | Forma de adquisición | Tipo de material |
|---|---|---|---|---|---|---|---|---|---|---|---|---|---|---|---|---|---|---|---|
| Dewey Decimal Classification | General | Inventariado 2017 | Sala Fabio Quevedo | Sala Fabio Quevedo | 04/04/2014 | Instituto | 39000.00 | LB-599.5 O98m | 034184 | 04/04/2014 | Ej. 1 | 04/04/2014 | Libro |